MARC

LEADER 00000nam0a2200000 4500
001 285773
005 20231101235828.0
035 |a (RuTPU)RU\TPU\book\310049 
090 |a 285773 
100 |a 20150227d1984 k y0rusy50 ca 
101 0 |a rus 
102 |a RU 
105 |a a z 001zy 
200 1 |a Применение комплекса геофизических методов для прогнозирования разреза и его нефтегазоносности в условиях прибортовой зоны Прикаспийской впадины  |f В. А. Шестюк  |g Нижне-Волжский научно-исследовательский институт геологии и геофизики ; под ред. В. В. Тикшаева 
210 |a Саратов  |c Изд-во Саратовского ун-та  |d 1984 
215 |a 156 с.  |c ил.  |e 1 вкл. л 
320 |a Библиогр.: с. 144-155 
606 1 |a Нефтегазоносность  |x Геофизические методы разведки  |2 stltpush  |3 (RuTPU)RU\TPU\subj\45592  |9 64785 
610 1 |a Прикаспийская впадина 
610 1 |a нефтегазоносные разрезы 
610 1 |a прогнозирование 
610 1 |a сейсморазведка 
610 1 |a применение 
610 1 |a волновое поле 
610 1 |a изучение 
610 1 |a локальные аномалии 
610 1 |a комплексирование 
610 1 |a геофизические материалы 
610 1 |a комплексная интерпретация 
675 |a 553.98:550.83  |v 4 
700 1 |a Шестюк  |b В. А.  |g Владлен Александрович 
702 1 |a Тикшаев  |b В. В.  |4 340 
712 0 2 |a Нижне-Волжский научно-исследовательский институт геологии и геофизики  |2 stltpush  |3 (RuTPU)RU\TPU\col\12021  |9 25324 
801 1 |a RU  |b 63413507  |c 20150227 
801 2 |a RU  |b 63413507  |c 20170626  |g RCR 
942 |c BK